| 000 | 00501nam a2200169Ia 4500 | ||
|---|---|---|---|
| 999 |
_c26665 _d26665 |
||
| 003 | OSt | ||
| 005 | 20210105151947.0 | ||
| 008 | 190216s9999||||xx |||||||||||||| ||und|| | ||
| 040 | _coclc | ||
| 082 |
_a894.8128 _bRAM/K |
||
| 100 |
_aRamachandran, Puthusseri _97656 |
||
| 245 | 0 |
_aKerala Paniniya Vimarsham / _cPuthusseri Ramachandran |
|
| 260 |
_bNbs Kottayam, _aKottayam: _c1981. |
||
| 300 | _a139p | ||
| 650 | _aPadanam | ||
| 942 |
_cBK _2ddc _h894.8128 _iRAM/K _k894.8128 _mRAM/K |
||